000 00630nam a2200229 i 4500
001 C2-0131364
003 PPAK
005 20180727122315.0
008 971012s1991 my |||| ||||| | eng d
040 _aPPAK
_beng
_cPPAK
_erda
082 0 4 _a297.1977
_223
090 0 0 _a297.1977
_bMUH
_dKIH
100 0 _aMuhammad Abd. Rauf,
_eauthor
245 1 0 _aUmmah the Muslim nation
264 1 _aKuala Lumpur :
_bDewan Bahasa dan Pustaka ,
_c1991
300 _aix, 186 pages ;
_c21 cm
336 _2rdacontent
_atext
337 _2rdamedia
_aunmediated
338 _2rdacarrier
_avolume
650 1 0 _aIslam and state.
942 _ddc
_cB
999 _c40676
_d40676